00702nam a2200193 a 4500008004100000020001800041050001700059100002400076245012900100260005800229300002200287350001100309490004200320650005600362650003600418700001900454700002000473700001500493170728s2017 ||||||||||||||||| || u a9783319459875 aGE 90.Z9 Sch aLotz-Sisitka, Heila10aSchooling for sustainable development in AfricacEdited By Heila Lotz-Sisitka, Overson Shumba, Justin Lupele [and] Di Wilmot aSwitzerland:bSpringer International Publishingc2017 axvii, 289p.: ill. a119.00 aSchooling for sustainable development aSUSTAINABLE DEVELOPMENT--STUDY AND TEACHING--AFRICA aENVIRONMENTAL EDUCATION--AFRICA aLupele, Justin aShumba, Overson aWilmot, Di